[Event "c14"]
[Site "?"]
[Date "2020.08.27"]
[Round "9.11"]
[White "Madajczak, Piotr"]
[Black "Wilk, Igor"]
[Result "1/2-1/2"]
[BlackElo "1483"]
[WhiteElo "1700"]
[LiveChessVersion "1.4.8"]

1. c4 Nf6 2. Nc3 e6 3. Nf3 d5 4. cxd5 exd5 5. d4 Be7 6. Qc2 O-O 7. Bg5 c6 8. e3
Nbd7 9. Bd3 Re8 10. O-O Nf8 11. a3 g6 12. b4 Ne6 13. Bh4 a6 14. Ne5 Ng7 15. Bg3
Bf5 16. h3 Bxd3 17. Qxd3 Nf5 18. Bh2 Bd6 19. Rfb1 Qe7 20. Na4 Bxe5 21. Bxe5 Nd7
22. Bh2 Nd6 23. Nc5 Reb8 24. a4 b6 25. Nxd7 Qxd7 26. Rc1 Rc8 27. Rcb1 Nc4 28. Rb3
b5 29. axb5 axb5 30. Rbb1 Qb7 31. Qc3 Rxa1 32. Rxa1 Ra8 33. g4 Ra6 34. Kg2 Qa7
35. Rxa6 Qxa6 36. h4 Qa2 37. Bf4 Qb2 38. Qxb2 Nxb2 39. Bd6 Nc4 40. Bc5 f5 41.
gxf5 gxf5 42. Kf3 Kf7 43. Kf4 Kf6 44. f3 Nd2 45. Bb6 h6 46. Bd8+ Ke6 47. Bb6 Kf6
48. Bd8+ 1/2-1/2

[Event "c14"]
[Site "?"]
[Date "2020.08.27"]
[Round "10.1"]
[White "Chyzy, Jakub"]
[Black "Wojdak, Jan"]
[Result "1-0"]
[BlackElo "1772"]
[WhiteElo "2005"]
[LiveChessVersion "1.4.8"]

1. e4 {[%clk 0:03:03]} c5 {[%clk 0:03:04]} 2. Nf3 Nc6 3. d4 {[%clk 0:03:04]} cxd4
{[%clk 0:03:06]} 4. Nxd4 {[%clk 0:03:06]} Nf6 {[%clk 0:03:08]} 5. Nc3
{[%clk 0:03:07]} d6 {[%clk 0:03:09]} 6. Bg5 {[%clk 0:03:06]} e6 {[%clk 0:03:11]}
7. Qd2 {[%clk 0:03:07]} a6 {[%clk 0:03:12]} 8. O-O-O Bd7 9. f3 {[%clk 0:03:04]}
b5 {[%clk 0:03:15]} 10. h4 {[%clk 0:02:56]} b4 {[%clk 0:03:13]} 11. Nce2
{[%clk 0:02:56]} Ne5 {[%clk 0:03:09]} 12. Ng3 {[%clk 0:02:32]} h6
{[%clk 0:02:56]} 13. Bf4 {[%clk 0:02:32]} Qb6 {[%clk 0:02:49]} 14. Be3 Qc7 15.
Kb1 {[%clk 0:02:05]} Nc4 {[%clk 0:02:44]} 16. Bxc4 {[%clk 0:02:05]} Qxc4
{[%clk 0:02:46]} 17. Nge2 {[%clk 0:01:52]} Be7 {[%clk 0:02:35]} 18. g4
{[%clk 0:01:53]} a5 {[%clk 0:02:14]} 19. g5 {[%clk 0:01:44]} Nh5 {[%clk 0:02:14]}
20. gxh6 {[%clk 0:01:41]} g6 {[%clk 0:02:12]} 21. Bg5 {[%clk 0:01:28]} f6
{[%clk 0:02:01]} 22. Be3 {[%clk 0:01:27]} e5 {[%clk 0:01:58]} 23. Nb3
{[%clk 0:01:21]} a4 {[%clk 0:01:59]} 24. Nbc1 {[%clk 0:01:22]} Be6
{[%clk 0:01:57]} 25. f4 {[%clk 0:01:17]} Qxe4 {[%clk 0:01:47]} 26. Rhg1
{[%clk 0:01:08]} Kf7 {[%clk 0:01:30]} 27. Ng3 {[%clk 0:00:53]} Nxg3
{[%clk 0:01:30]} 28. Rxg3 {[%clk 0:00:54]} b3 {[%clk 0:01:24]} 29. Rdg1
{[%clk 0:00:43]} bxc2+ {[%clk 0:01:22]} 30. Ka1 {[%clk 0:00:44]} Bf5
{[%clk 0:00:44]} 31. h5 {[%clk 0:00:45]} Rag8 {[%clk 0:00:29]} 32. fxe5
{[%clk 0:00:39]} dxe5 {[%clk 0:00:30]} 33. hxg6+ {[%clk 0:00:40]} Rxg6
{[%clk 0:00:28]} 34. Rxg6 {[%clk 0:00:30]} Bxg6 {[%clk 0:00:29]} 35. Re1
{[%clk 0:00:25]} Qc4 {[%clk 0:00:27]} 36. Rg1 {[%clk 0:00:11]} a3
{[%clk 0:00:24]} 37. b3 {[%clk 0:00:12]} Qe4 {[%clk 0:00:24]} 38. Re1
{[%clk 0:00:11]} Bb4 {[%clk 0:00:25]} 39. Qd7+ {[%clk 0:00:11]} Kg8
{[%clk 0:00:17]} 40. Qg7# {[%clk 0:00:12]} 1-0

[Event "c14"]
[Site "?"]
[Date "2020.08.27"]
[Round "10.2"]
[White "Karolczuk, Iwo"]
[Black "Klimkowski, Jan"]
[Result "1-0"]
[BlackElo "1902"]
[WhiteElo "2044"]
[LiveChessVersion "1.4.8"]

1. d4 {[%clk 0:03:03]} Nf6 {[%clk 0:03:04]} 2. Nf3 {[%clk 0:03:04]} e6
{[%clk 0:03:05]} 3. e3 {[%clk 0:03:04]} c5 {[%clk 0:02:58]} 4. Bd3
{[%clk 0:03:01]} b6 {[%clk 0:02:58]} 5. O-O {[%clk 0:02:59]} Bb7 {[%clk 0:03:00]}
6. c4 {[%clk 0:03:00]} Be7 {[%clk 0:02:55]} 7. Nc3 {[%clk 0:03:00]} O-O
{[%clk 0:02:56]} 8. d5 {[%clk 0:03:01]} d6 {[%clk 0:02:51]} 9. e4
{[%clk 0:03:01]} Nbd7 {[%clk 0:02:47]} 10. dxe6 {[%clk 0:02:52]} fxe6
{[%clk 0:02:47]} 11. Ng5 {[%clk 0:02:52]} Qc8 {[%clk 0:02:27]} 12. Nxe6 Re8 13.
Nd5 {[%clk 0:02:37]} Ne5 {[%clk 0:02:06]} 14. Nef4 {[%clk 0:02:00]} Nxd3
{[%clk 0:01:43]} 15. Qxd3 {[%clk 0:01:59]} Bd8 {[%clk 0:01:43]} 16. f3
{[%clk 0:01:25]} Nd7 {[%clk 0:01:39]} 17. Bd2 {[%clk 0:01:22]} Ne5
{[%clk 0:01:40]} 18. Qc2 {[%clk 0:01:22]} Nc6 {[%clk 0:01:24]} 19. Bc3
{[%clk 0:01:20]} Bg5 {[%clk 0:01:25]} 20. Qf2 {[%clk 0:01:11]} Qd7
{[%clk 0:01:07]} 21. Rad1 {[%clk 0:01:10]} Ba6 {[%clk 0:01:03]} 22. b3
{[%clk 0:01:03]} Qf7 {[%clk 0:01:04]} 23. Qg3 {[%clk 0:00:58]} Bd8
{[%clk 0:00:57]} 24. Nd3 {[%clk 0:00:41]} Qg6 {[%clk 0:00:33]} 25. Qxg6
{[%clk 0:00:38]} hxg6 {[%clk 0:00:34]} 26. a4 {[%clk 0:00:38]} Rc8
{[%clk 0:00:31]} 27. Nf2 {[%clk 0:00:35]} Bb7 {[%clk 0:00:29]} 28. Ng4
{[%clk 0:00:35]} a6 {[%clk 0:00:29]} 29. Nde3 {[%clk 0:00:34]} Be7
{[%clk 0:00:29]} 30. Nd5 {[%clk 0:00:35]} Bd8 {[%clk 0:00:29]} 31. Rd2
{[%clk 0:00:35]} b5 {[%clk 0:00:24]} 32. axb5 {[%clk 0:00:31]} axb5
{[%clk 0:00:26]} 33. cxb5 {[%clk 0:00:31]} Na7 {[%clk 0:00:27]} 34. b6
{[%clk 0:00:31]} Nb5 {[%clk 0:00:29]} 35. Bb2 {[%clk 0:00:32]} Bxd5
{[%clk 0:00:26]} 36. Rxd5 {[%clk 0:00:31]} Bxb6 {[%clk 0:00:27]} 37. Kh1
{[%clk 0:00:27]} Rcd8 {[%clk 0:00:23]} 38. Rfd1 {[%clk 0:00:27]} Nd4
{[%clk 0:00:21]} 39. b4 {[%clk 0:00:26]} Kf7 {[%clk 0:00:17]} 40. Bxd4
{[%clk 0:00:18]} cxd4 {[%clk 0:00:18]} 41. Rb5 {[%clk 0:00:19]} Rb8
{[%clk 0:00:19]} 42. Kg1 {[%clk 0:00:16]} Ba7 {[%clk 0:00:16]} 43. Ra5
{[%clk 0:00:12]} Bb6 {[%clk 0:00:17]} 44. Rd5 {[%clk 0:00:13]} Ke6
{[%clk 0:00:17]} 45. Kf1 {[%clk 0:00:14]} Rec8 {[%clk 0:00:18]} 46. Nf2
{[%clk 0:00:14]} Rc4 {[%clk 0:00:19]} 47. Nd3 {[%clk 0:00:14]} Rc2
{[%clk 0:00:17]} 48. Nf4+ {[%clk 0:00:15]} Kd7 {[%clk 0:00:18]} 49. e5
{[%clk 0:00:15]} Ra8 {[%clk 0:00:15]} 50. Rxd6+ {[%clk 0:00:15]} Kc7 51. Nd5+
{[%clk 0:00:16]} Kb7 {[%clk 0:00:14]} 52. Rxb6+ Kc8 53. b5 {[%clk 0:00:12]} Rb2
{[%clk 0:00:09]} 54. Rc6+ {[%clk 0:00:12]} Kb7 {[%clk 0:00:11]} 55. Rc7+ Kb8 56.
Rdc1 {[%clk 0:00:12]} 1-0

[Event "c14"]
[Site "?"]
[Date "2020.08.27"]
[Round "10.3"]
[White "Fiszer, Bartosz"]
[Black "Paprocki, Antoni"]
[Result "1-0"]
[BlackElo "1878"]
[WhiteElo "1905"]
[LiveChessVersion "1.4.8"]

1. a3 {[%clk 0:03:03]} Nf6 {[%clk 0:03:00]} 2. b4 {[%clk 0:03:03]} d5
{[%clk 0:03:01]} 3. Bb2 {[%clk 0:03:04]} e6 {[%clk 0:03:02]} 4. Nf3
{[%clk 0:03:00]} Be7 {[%clk 0:03:02]} 5. e3 {[%clk 0:02:59]} b6 {[%clk 0:03:03]}
6. d4 {[%clk 0:02:54]} O-O {[%clk 0:03:03]} 7. Be2 {[%clk 0:02:54]} c5
{[%clk 0:03:03]} 8. O-O {[%clk 0:02:53]} cxb4 {[%clk 0:03:02]} 9. axb4
{[%clk 0:02:50]} Bxb4 {[%clk 0:03:03]} 10. Ne5 {[%clk 0:02:49]} Bd6
{[%clk 0:02:58]} 11. Nd2 {[%clk 0:02:48]} Bb7 {[%clk 0:02:54]} 12. c4
{[%clk 0:02:48]} Nbd7 {[%clk 0:02:43]} 13. f4 {[%clk 0:02:48]} a5
{[%clk 0:02:16]} 14. Bd3 {[%clk 0:02:25]} dxc4 {[%clk 0:02:08]} 15. Ndxc4
{[%clk 0:02:21]} Bc7 {[%clk 0:02:09]} 16. f5 {[%clk 0:01:38]} b5 {[%clk 0:02:04]}
17. Nxd7 {[%clk 0:00:57]} Qxd7 {[%clk 0:02:00]} 18. Ne5 {[%clk 0:00:55]} Qd5
{[%clk 0:01:57]} 19. Qe2 {[%clk 0:00:44]} b4 {[%clk 0:01:19]} 20. Rac1
{[%clk 0:00:18]} Bb6 {[%clk 0:01:15]} 21. Bc4 {[%clk 0:00:12]} Qd6
{[%clk 0:01:16]} 22. fxe6 {[%clk 0:00:11]} fxe6 {[%clk 0:01:13]} 23. Bd3
{[%clk 0:00:05]} a4 {[%clk 0:01:08]} 24. Ba1 {[%clk 0:00:05]} a3 {[%clk 0:01:00]}
25. Bc4 {[%clk 0:00:06]} Nd5 {[%clk 0:00:47]} 26. Qg4 {[%clk 0:00:05]} Nxe3
{[%clk 0:00:12]} 27. Bxe6+ {[%clk 0:00:06]} Kh8 {[%clk 0:00:14]} 28. Ng6+
{[%clk 0:00:07]} 1-0

[Event "c14"]
[Site "?"]
[Date "2020.08.27"]
[Round "10.4"]
[White "Demski, Michal"]
[Black "Jedraszek, Pawel"]
[Result "1-0"]
[BlackElo "1490"]
[WhiteElo "1773"]
[LiveChessVersion "1.4.8"]

1. e4 c5 2. Nc3 {[%clk 0:03:03]} Nc6 {[%clk 0:03:05]} 3. Bb5 {[%clk 0:03:03]} Nd4
{[%clk 0:03:06]} 4. Nf3 {[%clk 0:03:04]} Nxb5 5. Nxb5 {[%clk 0:03:05]} a6
{[%clk 0:03:09]} 6. Nc3 {[%clk 0:03:06]} d6 {[%clk 0:03:11]} 7. d4
{[%clk 0:03:06]} cxd4 {[%clk 0:03:12]} 8. Qxd4 {[%clk 0:03:07]} e6
{[%clk 0:02:51]} 9. O-O {[%clk 0:03:04]} Nf6 {[%clk 0:02:51]} 10. Bg5
{[%clk 0:03:04]} Be7 {[%clk 0:02:50]} 11. Rad1 {[%clk 0:03:03]} Bd7
{[%clk 0:02:38]} 12. e5 {[%clk 0:02:55]} dxe5 {[%clk 0:02:25]} 13. Nxe5
{[%clk 0:02:55]} Bc6 {[%clk 0:02:17]} 14. Nxc6 {[%clk 0:02:46]} bxc6
{[%clk 0:02:18]} 15. Qc4 {[%clk 0:02:30]} Qc7 {[%clk 0:02:18]} 16. Bxf6
{[%clk 0:02:22]} Bxf6 {[%clk 0:02:16]} 17. Ne4 {[%clk 0:02:19]} Be7
{[%clk 0:02:14]} 18. Rd3 {[%clk 0:02:13]} O-O {[%clk 0:02:12]} 19. Rc3
{[%clk 0:02:12]} Rac8 {[%clk 0:02:06]} 20. Qxa6 {[%clk 0:02:10]} Qe5
{[%clk 0:02:04]} 21. Ng3 {[%clk 0:01:45]} Ra8 {[%clk 0:01:59]} 22. Qc4
{[%clk 0:01:40]} c5 {[%clk 0:01:45]} 23. a3 {[%clk 0:01:39]} Rfb8
{[%clk 0:01:43]} 24. Rb1 {[%clk 0:00:29]} h5 {[%clk 0:01:44]} 25. h3
{[%clk 0:00:24]} h4 {[%clk 0:01:26]} 26. Ne4 {[%clk 0:00:18]} Rd8
{[%clk 0:01:26]} 27. Nxc5 {[%clk 0:00:11]} Bd6 {[%clk 0:01:14]} 28. f4
{[%clk 0:00:06]} Bxc5+ {[%clk 0:00:44]} 29. Qxc5 {[%clk 0:00:08]} Qxf4
{[%clk 0:00:45]} 30. Rf1 {[%clk 0:00:09]} Qd4+ {[%clk 0:00:33]} 31. Qxd4
{[%clk 0:00:10]} Rxd4 {[%clk 0:00:34]} 32. Rc7 {[%clk 0:00:12]} f6
{[%clk 0:00:34]} 33. Re1 {[%clk 0:00:12]} e5 {[%clk 0:00:35]} 34. Re2
{[%clk 0:00:10]} Rd1+ {[%clk 0:00:34]} 35. Kf2 {[%clk 0:00:11]} Rb1
{[%clk 0:00:33]} 36. c4 {[%clk 0:00:12]} Rd8 {[%clk 0:00:30]} 37. b4
{[%clk 0:00:07]} Rdd1 {[%clk 0:00:31]} 38. b5 {[%clk 0:00:07]} Rf1+
{[%clk 0:00:31]} 39. Ke3 {[%clk 0:00:09]} Rb3+ {[%clk 0:00:32]} 40. Ke4
{[%clk 0:00:10]} Rf4+ {[%clk 0:00:28]} 41. Kd5 {[%clk 0:00:11]} Rd4+
{[%clk 0:00:29]} 42. Kc5 {[%clk 0:00:09]} Rxa3 43. Rc2 {[%clk 0:00:09]} Rdd3
{[%clk 0:00:18]} 44. b6 {[%clk 0:00:10]} Rab3 {[%clk 0:00:13]} 45. b7
{[%clk 0:00:11]} Kh7 {[%clk 0:00:14]} 46. Kc6 {[%clk 0:00:12]} e4
{[%clk 0:00:15]} 47. Rc8 {[%clk 0:00:13]} e3 {[%clk 0:00:10]} 48. b8=Q
{[%clk 0:00:13]} Rxb8 {[%clk 0:00:11]} 49. Rxb8 {[%clk 0:00:14]} Rd2
{[%clk 0:00:12]} 50. Rc1 {[%clk 0:00:14]} Rxg2 {[%clk 0:00:12]} 51. Re1
{[%clk 0:00:15]} Rg3 {[%clk 0:00:13]} 52. Re8 {[%clk 0:00:16]} Rxh3
{[%clk 0:00:14]} 53. R1xe3 {[%clk 0:00:17]} Rh2 {[%clk 0:00:15]} 54. c5
{[%clk 0:00:18]} f5 {[%clk 0:00:16]} 55. Rf8 {[%clk 0:00:18]} g6 {[%clk 0:00:13]}
56. Kd7 {[%clk 0:00:15]} Rd2+ {[%clk 0:00:14]} 57. Ke7 {[%clk 0:00:14]} Kh6
{[%clk 0:00:15]} 58. c6 {[%clk 0:00:15]} Kg5 {[%clk 0:00:14]} 59. Rc3
{[%clk 0:00:16]} Re2+ {[%clk 0:00:13]} 60. Kf7 {[%clk 0:00:17]} Ra2
{[%clk 0:00:12]} 61. c7 {[%clk 0:00:18]} Ra7 {[%clk 0:00:13]} 62. Kg8
{[%clk 0:00:18]} Rxc7 63. Rxc7 Kg4 {[%clk 0:00:15]} 64. Rf6 {[%clk 0:00:19]} g5
{[%clk 0:00:15]} 65. Rc5 {[%clk 0:00:20]} f4 {[%clk 0:00:16]} 66. Rg6
{[%clk 0:00:21]} h3 {[%clk 0:00:14]} 67. Rcxg5+ {[%clk 0:00:21]} Kf3
{[%clk 0:00:16]} 68. Rh6 {[%clk 0:00:20]} Ke2 {[%clk 0:00:15]} 69. Rxh3 f3 70.
Re5+ {[%clk 0:00:21]} Kf2 {[%clk 0:00:19]} 71. Rf5 {[%clk 0:00:21]} Kg2
{[%clk 0:00:20]} 72. Rfxf3 {[%clk 0:00:22]} Kg1 {[%clk 0:00:21]} 73. Rhg3+
{[%clk 0:00:22]} Kh2 {[%clk 0:00:23]} 74. Ra3 {[%clk 0:00:21]} Kh1
{[%clk 0:00:24]} 75. Rgb3 {[%clk 0:00:22]} Kg1 {[%clk 0:00:25]} 76. Rb2 Kf1 77.
Ra1# {[%clk 0:00:24]} 1-0

[Event "c14"]
[Site "?"]
[Date "2020.08.27"]
[Round "10.5"]
[White "Malinowski, Szymon"]
[Black "Herwy, Jakub"]
[Result "0-1"]
[BlackElo "1741"]
[WhiteElo "1663"]
[LiveChessVersion "1.4.8"]

1. d4 Nf6 2. Nf3 g6 3. Bg5 Bg7 4. Nbd2 O-O 5. e4 d6 6. Bd3 c5 7. c3 h6 8. Be3 a6
9. O-O Nbd7 10. Qb3 b5 11. Qc2 c4 12. Be2 e6 13. h3 Bb7 14. g4 h5 15. gxh5 Nxh5
16. Kh2 Qc7 17. Kh1 d5 18. e5 a5 19. Rg1 Qd8 20. Bg5 Qb6 21. Nh4 Nxe5 22. dxe5
d4+ 23. Bf3 d3 24. Qd1 Bxe5 25. Bxb7 Qxb7+ 26. Qf3 Qxf3+ 27. Ndxf3 Bf6 28. Bxf6
Nxf6 29. Ne5 Rfd8 30. Rad1 Ne4 31. Kg2 Rac8 32. Nhf3 b4 33. Nd2 Nf6 34. Ndxc4
bxc3 35. bxc3 Nd5 36. Rxd3 Nf4+ 37. Kf3 Nxd3 38. Rg4 Nxe5+ 39. Nxe5 Rxc3+ 40. Kg2
Rd2 41. Nf3 Rxa2 42. Rd4 Rcc2 43. Ng5 Rxf2+ 44. Kg3 Rfd2 45. Rc4 Rac2 46. Ra4 Rc5
47. Ne4 Rd3+ 48. Kf4 g5+ 49. Kg4 f5+ 50. Kxg5 fxe4+ 51. Kg6 e5 52. Ra1 Rg3+ 0-1

[Event "c14"]
[Site "?"]
[Date "2020.08.27"]
[Round "10.6"]
[White "Starosciak, Szymon"]
[Black "Malek, Jan"]
[Result "1/2-1/2"]
[BlackElo "1703"]
[WhiteElo "1525"]
[LiveChessVersion "1.4.8"]

1. e4 {[%clk 0:03:03]} d6 {[%clk 0:03:03]} 2. d4 {[%clk 0:03:02]} Nf6
{[%clk 0:03:04]} 3. Nc3 {[%clk 0:03:01]} Nbd7 {[%clk 0:03:06]} 4. Nf3
{[%clk 0:03:01]} e5 {[%clk 0:03:07]} 5. Be2 {[%clk 0:03:00]} Be7 {[%clk 0:03:06]}
6. O-O {[%clk 0:03:00]} O-O {[%clk 0:03:05]} 7. Re1 {[%clk 0:02:59]} c6
{[%clk 0:03:06]} 8. a4 {[%clk 0:03:00]} Qc7 {[%clk 0:03:06]} 9. h3
{[%clk 0:02:59]} h6 {[%clk 0:03:06]} 10. Bf1 {[%clk 0:02:55]} Rd8
{[%clk 0:03:07]} 11. Be3 {[%clk 0:02:53]} Nf8 {[%clk 0:03:07]} 12. d5
{[%clk 0:02:51]} a6 {[%clk 0:02:44]} 13. a5 {[%clk 0:02:48]} c5 {[%clk 0:02:45]}
14. Nd2 {[%clk 0:02:43]} Bd7 {[%clk 0:02:31]} 15. Nc4 {[%clk 0:02:41]} Rab8
{[%clk 0:02:29]} 16. Na4 {[%clk 0:02:26]} Bxa4 {[%clk 0:02:27]} 17. Rxa4
{[%clk 0:02:26]} Nxe4 {[%clk 0:02:15]} 18. Nxe5 {[%clk 0:01:54]} dxe5
{[%clk 0:02:02]} 19. Rxe4 {[%clk 0:01:53]} Bd6 {[%clk 0:01:58]} 20. Ra4
{[%clk 0:01:31]} f5 {[%clk 0:01:57]} 21. c4 {[%clk 0:01:26]} Qf7 {[%clk 0:01:51]}
22. b4 {[%clk 0:01:01]} f4 {[%clk 0:01:34]} 23. Bxc5 {[%clk 0:00:57]} Bxc5
{[%clk 0:01:10]} 24. bxc5 {[%clk 0:00:58]} Nd7 {[%clk 0:01:11]} 25. c6
{[%clk 0:00:49]} bxc6 {[%clk 0:01:12]} 26. dxc6 {[%clk 0:00:46]} Nc5
{[%clk 0:01:14]} 27. Rb4 {[%clk 0:00:19]} Rbc8 {[%clk 0:00:38]} 28. Qb1
{[%clk 0:00:07]} e4 {[%clk 0:00:36]} 29. Rb6 {[%clk 0:00:07]} f3 {[%clk 0:00:35]}
30. g3 {[%clk 0:00:07]} Qe6 {[%clk 0:00:30]} 31. c7 {[%clk 0:00:06]} Rxc7
{[%clk 0:00:10]} 32. Rxe6 {[%clk 0:00:07]} Nxe6 {[%clk 0:00:11]} 33. Qb6
{[%clk 0:00:07]} Re8 {[%clk 0:00:00]} 1/2-1/2

[Event "c14"]
[Site "?"]
[Date "2020.08.27"]
[Round "10.7"]
[White "Matela, Krzysztof"]
[Black "Rog, Bartlomiej"]
[Result "1-0"]
[BlackElo "1470"]
[WhiteElo "1692"]
[LiveChessVersion "1.4.8"]

1. e4 e5 2. Nf3 d5 3. exd5 e4 4. Nd4 Qxd5 5. Nb3 Nf6 6. Nc3 Qe5 7. Qe2 Bd6 8. d4
exd3 9. Qxe5+ Bxe5 10. Bxd3 Bxc3+ 11. bxc3 O-O 12. O-O b6 13. Ba3 Re8 14. Rfe1
Bb7 15. Rxe8+ Nxe8 16. Re1 Nd7 17. Re7 Nef6 18. Bc4 Rf8 19. f3 a6 20. Nd4 b5 21.
Bb3 c5 22. Ne6 Rc8 23. Nxc5 Nxc5 24. Bxc5 Rxc5 25. Rxb7 h6 26. Rxf7 Kh7 27. Ra7
Rc6 28. Kf2 Ne8 29. Bd5 Rd6 30. Be4+ Kg8 31. Ke2 Nf6 32. Re7 Kf8 33. Re5 Nxe4 34.
Rxe4 Rc6 35. Kd2 Rd6+ 36. Rd4 Rg6 37. g3 Rf6 38. f4 g5 39. c4 b4 40. c3 a5 41.
cxb4 axb4 42. Kc2 Ra6 43. Kb3 gxf4 44. Rxf4+ Ke7 45. Kxb4 Rb6+ 46. Kc3 Ra6 47.
Rf2 Ke6 48. Re2+ Kf5 49. h3 Ra3+ 50. Kb4 Rxg3 51. c5 Rxh3 52. c6 Rh4+ 53. Kb5 Rg4
54. c7 Rg8 55. Kb6 Rc8 56. a4 h5 57. a5 h4 58. Kb7 Rxc7+ 59. Kxc7 h3 60. a6 Kf4
61. a7 Kg3 62. a8=Q h2 63. Qg2+ 1-0

[Event "c14"]
[Site "?"]
[Date "2020.08.27"]
[Round "10.8"]
[White "Krupinski, Mikolaj"]
[Black "Janeczko, Jakub"]
[Result "0-1"]
[BlackElo "1656"]
[WhiteElo "1437"]
[LiveChessVersion "1.4.8"]

1. e4 {[%clk 0:03:03]} c5 {[%clk 0:03:03]} 2. Nf3 {[%clk 0:03:05]} Nc6
{[%clk 0:03:04]} 3. d4 {[%clk 0:03:06]} cxd4 {[%clk 0:03:05]} 4. Nxd4
{[%clk 0:03:07]} Nf6 {[%clk 0:03:06]} 5. Nc3 {[%clk 0:03:08]} e6 {[%clk 0:03:06]}
6. f3 {[%clk 0:03:01]} Bb4 {[%clk 0:03:03]} 7. Be3 {[%clk 0:02:52]} d5
{[%clk 0:03:02]} 8. Bb5 {[%clk 0:02:25]} Bd7 {[%clk 0:03:01]} 9. Bxc6
{[%clk 0:02:08]} bxc6 {[%clk 0:03:01]} 10. e5 {[%clk 0:02:04]} Ng8
{[%clk 0:02:53]} 11. a3 {[%clk 0:02:01]} Ba5 {[%clk 0:02:44]} 12. Nb3
{[%clk 0:02:00]} Bb6 {[%clk 0:02:39]} 13. Bc5 {[%clk 0:01:42]} Ne7
{[%clk 0:02:31]} 14. O-O {[%clk 0:01:35]} Nf5 {[%clk 0:02:10]} 15. Kh1
{[%clk 0:01:14]} Ne3 {[%clk 0:02:02]} 16. Bxe3 {[%clk 0:01:09]} Bxe3
{[%clk 0:02:02]} 17. Nd4 {[%clk 0:01:09]} Qb6 {[%clk 0:01:42]} 18. Nb3
{[%clk 0:00:58]} c5 {[%clk 0:01:31]} 19. Qe2 {[%clk 0:00:51]} c4 {[%clk 0:01:22]}
20. Na4 {[%clk 0:00:51]} Bxa4 {[%clk 0:01:21]} 21. Nd2 {[%clk 0:00:41]} O-O
{[%clk 0:01:16]} 22. Rab1 {[%clk 0:00:41]} Bxc2 {[%clk 0:01:06]} 23. Nxc4
{[%clk 0:00:34]} dxc4 {[%clk 0:01:04]} 24. Qxc2 {[%clk 0:00:34]} Qb3
{[%clk 0:00:59]} 25. Qe4 {[%clk 0:00:30]} Qd3 {[%clk 0:00:57]} 26. Qc6
{[%clk 0:00:27]} Rac8 {[%clk 0:00:56]} 27. Qb7 {[%clk 0:00:26]} Rfd8
{[%clk 0:00:56]} 28. h3 {[%clk 0:00:17]} Bb6 {[%clk 0:00:56]} 29. Rbc1
{[%clk 0:00:16]} Qb3 {[%clk 0:00:53]} 30. Rcd1 {[%clk 0:00:07]} Rxd1
{[%clk 0:00:50]} 31. Qxc8+ {[%clk 0:00:07]} Rd8 {[%clk 0:00:51]} 32. Qc6
{[%clk 0:00:07]} g6 {[%clk 0:00:48]} 33. Rc1 {[%clk 0:00:08]} Rd1+
{[%clk 0:00:49]} 34. Rxd1 {[%clk 0:00:07]} Qxd1+ {[%clk 0:00:49]} 35. Kh2
{[%clk 0:00:08]} Qd4 {[%clk 0:00:49]} 36. Qe8+ {[%clk 0:00:04]} Kg7
{[%clk 0:00:50]} 37. Qc8 {[%clk 0:00:04]} Qxe5+ {[%clk 0:00:49]} 38. Kh1
{[%clk 0:00:05]} Bc7 {[%clk 0:00:44]} 39. Kg1 {[%clk 0:00:05]} Qe1#
{[%clk 0:00:44]} 0-1

[Event "c14"]
[Site "?"]
[Date "2020.08.27"]
[Round "10.9"]
[White "Myrmus, Mateusz"]
[Black "Kusiak, Mateusz"]
[Result "1-0"]
[BlackElo "1633"]
[WhiteElo "1434"]
[LiveChessVersion "1.4.8"]

1. e4 {[%clk 0:03:03]} c5 {[%clk 0:03:03]} 2. c3 {[%clk 0:03:05]} d5
{[%clk 0:03:00]} 3. exd5 {[%clk 0:03:05]} Qxd5 {[%clk 0:03:01]} 4. d4
{[%clk 0:03:05]} Nc6 {[%clk 0:03:00]} 5. Nf3 {[%clk 0:03:06]} cxd4
{[%clk 0:03:00]} 6. cxd4 {[%clk 0:03:06]} Nf6 {[%clk 0:02:58]} 7. Nc3
{[%clk 0:03:07]} Qd8 {[%clk 0:02:51]} 8. Bc4 {[%clk 0:03:01]} Bg4
{[%clk 0:02:33]} 9. Be3 {[%clk 0:02:34]} e6 {[%clk 0:02:18]} 10. O-O
{[%clk 0:02:11]} Bd6 {[%clk 0:02:04]} 11. h3 {[%clk 0:02:08]} Bh5
{[%clk 0:02:00]} 12. d5 {[%clk 0:01:49]} exd5 {[%clk 0:01:49]} 13. Nxd5
{[%clk 0:01:49]} Nxd5 {[%clk 0:01:09]} 14. Qxd5 {[%clk 0:01:44]} Bg6
{[%clk 0:01:10]} 15. Rad1 {[%clk 0:01:29]} Bc7 {[%clk 0:01:04]} 16. Qb5
{[%clk 0:01:20]} Qc8 {[%clk 0:00:49]} 17. Bc5 {[%clk 0:01:19]} Be4
{[%clk 0:00:14]} 18. Bxf7+ {[%clk 0:01:06]} Kxf7 {[%clk 0:00:11]} 19. Ng5+
{[%clk 0:01:07]} Kg6 {[%clk 0:00:00]} 20. Nxe4 {[%clk 0:01:07]} 1-0

[Event "c14"]
[Site "?"]
[Date "2020.08.27"]
[Round "10.10"]
[White "Taranowicz, Michal"]
[Black "Czernecki, Andrzej"]
[Result "0-1"]
[BlackElo "1587"]
[WhiteElo "1433"]
[LiveChessVersion "1.4.8"]

1. e4 c5 2. Nf3 Nc6 3. d4 {[%clk 0:03:04]} cxd4 {[%clk 0:03:07]} 4. Nxd4
{[%clk 0:03:05]} Nf6 {[%clk 0:03:09]} 5. Nc3 {[%clk 0:03:06]} d6 {[%clk 0:03:10]}
6. Bc4 {[%clk 0:03:04]} e6 {[%clk 0:03:11]} 7. Be3 {[%clk 0:03:04]} a6
{[%clk 0:03:11]} 8. f3 {[%clk 0:03:04]} Bd7 {[%clk 0:03:09]} 9. Qd2
{[%clk 0:03:02]} Be7 {[%clk 0:03:10]} 10. O-O-O {[%clk 0:03:01]} b5
{[%clk 0:03:11]} 11. Bb3 {[%clk 0:03:02]} b4 {[%clk 0:02:42]} 12. Nce2
{[%clk 0:02:30]} a5 {[%clk 0:02:38]} 13. g4 {[%clk 0:02:29]} Ne5 {[%clk 0:02:33]}
14. g5 {[%clk 0:02:00]} Nh5 {[%clk 0:02:30]} 15. f4 {[%clk 0:01:59]} Ng4
{[%clk 0:02:00]} 16. f5 {[%clk 0:01:17]} Nxe3 {[%clk 0:01:50]} 17. Qxe3
{[%clk 0:01:16]} Bxg5 {[%clk 0:01:51]} 18. Nf4 {[%clk 0:01:04]} Bxf4
{[%clk 0:01:51]} 19. fxe6 {[%clk 0:00:47]} Bxe3+ {[%clk 0:01:52]} 20. Kb1
{[%clk 0:00:48]} Bxe6 {[%clk 0:01:46]} 21. Nxe6 {[%clk 0:00:44]} fxe6
{[%clk 0:01:46]} 22. Ba4+ {[%clk 0:00:45]} Ke7 23. Rd3 Bf4 24. Rhd1 Be5
{[%clk 0:01:26]} 25. Rh3 {[%clk 0:00:42]} Nf4 {[%clk 0:01:25]} 26. Rg3
{[%clk 0:00:38]} Qb6 {[%clk 0:01:19]} 0-1

[Event "c14"]
[Site "?"]
[Date "2020.08.27"]
[Round "10.11"]
[White "Zdybel, Przemyslaw"]
[Black "Bogusz, Alan"]
[Result "0-1"]
[BlackElo "1429"]
[WhiteElo "1569"]
[LiveChessVersion "1.4.8"]

1. e4 c5 2. Nf3 d6 3. d4 cxd4 4. Nxd4 Nf6 5. Nc3 a6 6. Be3 e5 7. Nb3 Be6 8. f3
Be7 9. Qd2 Nbd7 10. O-O-O b5 11. g4 b4 12. Nd5 Bxd5 13. exd5 Nb6 14. Bxb6 Qxb6
15. Kb1 O-O 16. h4 a5 17. h5 a4 18. Nc1 Nd7 19. g5 Nc5 20. g6 h6 21. gxf7+ Rxf7
22. Rg1 Bg5 23. Rxg5 hxg5 24. Qxg5 Qd8 25. Qg4 b3 26. cxb3 axb3 27. a3 Qf6 28.
Bd3 Qxf3 29. Qg6 Nxd3 30. Rxd3 Qf6 31. Qe4 Rb8 32. Qc4 Qf1 33. h6 gxh6 34. Rg3+
Kh8 35. Qh4 Qf5+ 36. Ka1 Rc8 37. Qxh6+ Rh7 38. Qd2 Rh1 39. Rc3 Rxc3 40. bxc3 Qf1
41. Kb2 Qf4 42. Qd3 Rh2+ 43. Kxb3 e4 44. Qd4+ Kh7 45. Qa7+ Kg6 46. Qe7 Qxc1 47.
Qe6+ Kg5 48. Qe7+ Kg4 49. Qg7+ Qg5 50. Qd7+ Kg3 51. Qxd6+ Qf4 52. Qg6+ Kf2 53. d6
e3 54. d7 Qb8+ 55. Kc4 Qc7+ 56. Kd3 Qxd7+ 57. Kc4 Qc7+ 58. Kd3 Qd6+ 59. Kc4 Qf4+
60. Qc2+ Kg1+ 61. Qd1+ Qf1+ 62. Qg4+ 0-1